| 000 | 00506cam a2200193ua 4500 | ||
|---|---|---|---|
| 001 | 6547 | ||
| 005 | 20260515114051.0 | ||
| 008 | 140311n ii |||gr||||Z||||||asm | ||
| 040 | _cMAIN | ||
| 082 | _a657.046 | ||
| 245 |
_aUchcha hisap bijnan _cBy kamal chandra goswami |
||
| 250 | _a1st ed. | ||
| 260 |
_aGuwahati: _bPathyaputhi prastuti samanay samiti, _c1978. |
||
| 300 | _ax,251p. | ||
| 653 | _aAccounting | ||
| 653 | _aUchcha hisap bijnan | ||
| 700 |
_aGoswami,Kamal chandra, _eAuthor. |
||
| 942 | _cBK | ||
| 999 |
_c5691 _d5691 |
||